00652 2200229 4500001002100000005001700021008004100038020002200079035002500101040001200126082001100138084002100149090002100170100001700191245008100208260002700289300003000316650003200346700001100378850001200389990002100401INLIS00000000002109820160715112053.0  a978-979-29-5807-2 a0010-061600000000509 aYOPDYOG a372.52 aDEP 372.52 Bro W aDEP 372.52 Bro W aBROS, Warner aWarna maksimal-Buku mewarnai & aktivitasc/ Warner Bros ; penerjemah, Ariata aYogyakartabAndic2016 a24 hlm.b: ilus.c; 28 cm aPendidikan Dasar-Menggambar aAriata aYOPDYOG aCB-D.11/2016-450